00348nam a2200121Ia 4500008004100000020002200041041000800063082002700071100003300098245004900131260003600180300001000216230519s9999 xx 000 0 und d a978-93-81390-41-2 aeng aMS/610.7361/ANS/DB0500 aAnsari Javed & Kaur Devinder aConcise Course in Medical Surgical Nursing 1 bS Vikas and CoaJalandharc2016 a1151p